000 00935cam a22002773a 4500
001 18979
003 PGUSA
005 20140828083413.0
008 060803s2006||||xxu|||||s|||||000 | eng d
040 _aPGUSA
_beng
042 _adc
050 4 _aG
100 1 _aFranklin, John,
_d1786-1847
245 1 0 _aNarrative of a Journey to the Shores of the Polar Sea, in the Years 1819-20-21-22, Volume 1
_h[electronic resource] /
_cJohn Franklin
260 _bProject Gutenberg,
_c2006
506 _aPublic domain in the USA.
516 _aElectronic text
653 _aArctic regions -- Discovery and exploration -- British
653 _aCanada, Northern -- Description and travel
653 _aFranklin, John, Sir, 1786-1847 -- Diaries
653 _aNorthwest Passage
653 _aExplorers -- Great Britain -- Diaries
830 0 _aProject Gutenberg
_v18979
856 4 0 _uhttp://www.gutenberg.org/ebooks/18979
942 _cEB
999 _c248234
_d248234